000 00710nas a2200241 4500
001 BR0203704
003 BR-BrBNA
005 20231205103124.0
007 ta
008 230509b bl.|||p| |||| 00| 00por d
040 _aBR-BrBNA
_bpor
_cBiblioteca Nacional de Agricultura
041 _a(Pt)
072 _aL73
100 1 _aAlvarenga, J.
100 1 _aGomes, T.L.S.
245 1 _aParalisia do nervo facial, ramo bucal dorsal em equino. relato de um caso
650 _aEQUINO
650 _aNERVO MAXILAR
650 _aPARALISIA
773 0 _tAgropecuária Técnica (Brazil)
_xISSN 0100-7467
_g(1991), v. 12(1-2) p. 61-65
_wBR0203704
909 _a202311
_bLúcia
_c55
_dLúcia Elande
942 _2AGRIS
_n0
_cANA
999 _c171195
_d171195